Words that sound like Countries #2 - Statistics

General Stats
  • This quiz has been taken 29 times
  • The average score is 9 of 21
Answer Stats
Hint Answer % Correct
Mix and go Mexico
96%
Each chip Egypt
76%
I've slimmed Iceland
72%
"And Our..." by John Azerbaijan
68%
Burping up fast, though Burkina Faso
60%
Two Values Tuvalu
60%
Bagel Fresh Bangladesh
56%
Lend her lens Netherlands
56%
Doom and a kid need stub picks Dominican Republic
52%
Key your guess than Kyrgyzstan
52%
He knows Sam's beak Mozambique
44%
Tough sheets eaten Tajikistan
40%
Free Cub Luck oven yuck long go Republic of the Congo
36%
Shrine stuff China
24%
It's what he needs Eswatini
24%
You are spraying Ukraine
20%
Loft eat up Latvia
16%
Hairy Lock Nuh Sri Lanka
16%
Oh, so close Kosovo
12%
Soon nine lids will bait love a minty club United States of America
12%
Gremlin Yemen
4%
No matching quizzes found
Score Distribution
Percent of People with Each Score
Percentile by Number Answered
Your Score History
You have not taken this quiz